| 000 | 00548nam a22001811 4500 | ||
|---|---|---|---|
| 005 | 20260202160233.0 | ||
| 008 | 850301s1960 nyua 000 0 eng | ||
| 040 |
_aKABLIB _cKABLIB _erda |
||
| 082 | 0 | 0 |
_a580 _223 _bBOT |
| 245 | 0 | 0 |
_aBotany, _ba textbook for colleges _cJ. Ben Hill ... [et al.] |
| 250 | _a3d ed. | ||
| 260 |
_aNew York, _bMcGraw-Hill, _cc1960. |
||
| 300 |
_a571 p. : _bill. ; _c26 cm. |
||
| 440 | 0 |
_aMcGraw-Hill publications in the botanical sciences _915005 |
|
| 500 | _aIncludes index. | ||
| 650 | 0 |
_aBotany. _9382 |
|
| 942 |
_2ddc _cBOOK |
||
| 999 |
_c5946 _d5946 |
||